[Event "Christmas Open"]
[Site "Zurich SUI"]
[Date "2001.12.27"]
[Round "3"]
[White "Mikhalchishin,A"]
[Black "Hochstrasser,M"]
[Result "1-0"]
[WhiteElo "2533"]
[BlackElo "2305"]

1.Nf3 g6 2.d4 Bg7 3.c4 d6 4.g3 Nf6 5.Bg2 O-O 6.O-O Nc6 7.Nc3 Bf5 8.d5 Na5
9.Nd4 Bd7 10.b3 c5 11.dxc6 bxc6 12.Bd2 Rb8 13.e3 c5 14.Nde2 Nc6 15.h3 Ne8
16.Nf4 Nc7 17.Qe2 Ne5 18.Rad1 Bc6 19.Ne4 Qc8 20.Nc3 Bxg2 21.Kxg2 Qb7+ 22.f3 Rfd8
23.Be1 Qc6 24.g4 h6 25.Nfd5 Re8 26.Bh4 Nxd5 27.Nxd5 g5 28.Bg3 e6 29.Nc3 Rbd8
30.Qd2 Rd7 31.Qc2 d5 32.cxd5 exd5 33.e4 dxe4 34.Nxe4 Ng6 35.Rxd7 Qxd7 36.Rd1 Qb5
37.Rd5 Bd4 38.a4 Qb7 39.Qc4 Qe7 40.b4 Be5 41.Qxc5 Bxg3 42.Kxg3 Nf4 43.Qxe7 Rxe7
44.Rd6 Kg7 45.h4 Ne6 46.b5 Rc7 47.Rc6 Rd7 48.hxg5 hxg5 49.Ra6 Rb7 50.Kf2 Rc7
51.Rc6 Rd7 52.Ke3 Kf8 53.Nc5 Nxc5 54.Rxc5 f6 55.Ke4 Kf7 56.a5  1-0

[Event "Christmas Open"]
[Site "Zurich SUI"]
[Date "2001.12.29"]
[Round "5"]
[White "Fridman,D"]
[Black "Weindl,A"]
[Result "1-0"]
[WhiteElo "2571"]
[BlackElo "2352"]

1.d4 Nf6 2.Nf3 g6 3.g3 Bg7 4.Bg2 O-O 5.c4 d6 6.Nc3 Nbd7 7.O-O e5 8.h3 Re8
9.e4 exd4 10.Nxd4 Nc5 11.Re1 a5 12.Ndb5 Bd7 13.Qc2 Qc8 14.Kh2 Re5 15.g4 c6
16.f4 Re6 17.Na3 Re8 18.Kg1 h5 19.g5 Nfxe4 20.Nxe4 Bf5 21.Kh2 Bxe4 22.Rxe4 Nxe4
23.Bxe4 Qe6 24.Bf3 Qe1 25.Qg2 Re7 26.Rb1 Rae8 27.Bd2 Qe6 28.Bd1 Qf5 29.Bc2 Qc5
30.Bd3 Bxb2 31.Nc2 Bg7 32.Kh1 Rd7 33.f5 d5 34.fxg6 dxc4 35.gxf7+ Kxf7 36.Qf3+ Kg8
37.Bh7+ Kxh7 38.Qxh5+ Bh6 39.Qxh6+ Kg8 40.Qg6+  1-0

[Event "Christmas Open"]
[Site "Zurich SUI"]
[Date "2001.12.29"]
[Round "6"]
[White "Tukmakov,V"]
[Black "Jenni,F"]
[Result "1-0"]
[WhiteElo "2572"]
[BlackElo "2487"]

1.Nf3 Nf6 2.c4 g6 3.d4 Bg7 4.g3 O-O 5.Bg2 d6 6.O-O a6 7.Nc3 c6 8.e4 Bg4 9.Qb3 Qc7
10.Be3 Nbd7 11.Nd2 e5 12.d5 cxd5 13.cxd5 Nc5 14.Qa3 b5 15.b4 Nb7 16.Rfc1 Qd7
17.f3 Bh3 18.Bxh3 Qxh3 19.Nd1 Nd8 20.Qd3 Qd7 21.a4 bxa4 22.Nc4 Rb8 23.Nb6 Qb5
24.Rc4 Bh6 25.Bxh6 Qxb6+ 26.Be3 Qb7 27.Rxa4 Ne8 28.Bh6 Ng7 29.Qc2 f5 30.Rc7 Qb6+
31.Be3 Qb5 32.Nc3 Qe8 33.Rxa6 Rf7 34.Rxf7 Nxf7 35.b5 Qd7 36.b6 f4 37.gxf4 exf4
38.Bd4 Ne5 39.Bxe5 dxe5 40.Na4 Rc8 41.Ra7  1-0

[Event "Open"]
[Site "Trinec CZE"]
[Date "2001.12.30"]
[Round "5"]
[White "Kolesar,Mil"]
[Black "Krzesaj,R"]
[Result "0-1"]
[WhiteElo "2231"]
[BlackElo "2119"]

1.Nf3 Nf6 2.c4 g6 3.g3 Bg7 4.Bg2 d6 5.d4 O-O 6.O-O Bg4 7.Qb3 Qc8 8.Ne5 c6
9.Nxg4 Nxg4 10.h3 Nf6 11.Nc3 Nbd7 12.Qc2 e5 13.dxe5 dxe5 14.b3 Qc7 15.Be3 Rfe8
16.Rad1 Nf8 17.Na4 Ne6 18.Rd2 Nd7 19.f4 Rad8 20.Qd1 exf4 21.gxf4 f5 22.Qc1 Bh6
23.Rd3 b6 24.b4 Nf6 25.Rxd8 Rxd8 26.Nc3 Nh5 27.b5 Nhxf4 28.Bxc6 Qe5 29.Rf3 Ng5
30.Rg3 Nfxh3+ 31.Kg2 f4 32.Rxh3 Nxh3 33.Kxh3 Qh5+ 34.Kg2 Qg4+ 35.Kf1 fxe3
36.Ne4 Qf4+  0-1

[Event "Australian Open"]
[Site "Canberra AUS"]
[Date "2001.12.31"]
[Round "4"]
[White "Sztern,A"]
[Black "Lane,G"]
[Result "0-1"]
[WhiteElo "2190"]
[BlackElo "2452"]

1.d4 Nf6 2.Nf3 g6 3.c4 Bg7 4.g3 O-O 5.Bg2 d6 6.Nc3 Nc6 7.O-O a6 8.d5 Na5
9.Nd2 c5 10.e4 b5 11.cxb5 axb5 12.Nxb5 Ba6 13.a4 Qd7 14.Re1 Bxb5 15.axb5 Qxb5
16.e5 Nd7 17.e6 Nb6 18.exf7+ Rxf7 19.Ne4 Raf8 20.Bh3 Kh8 21.f4 Nb3 22.Ra7 Nxc1
23.Qxc1 Bxb2 24.Qc2 Nxd5 25.Be6 Bd4+ 26.Kh1 Nb4 27.Qb3 Rg7 28.h4 Qc6 29.Kh2 c4  0-1

[Event "ch-AUS"]
[Site "Melbourne AUS"]
[Date "2002.01.02"]
[Round "5"]
[White "Booth,Stew"]
[Black "Rujevic,M"]
[Result "1/2-1/2"]
[WhiteElo "2181"]
[BlackElo "2355"]

1.d4 Nf6 2.Nf3 g6 3.c4 Bg7 4.g3 O-O 5.Bg2 d6 6.O-O Nbd7 7.Nc3 e5 8.e4 Re8
9.Re1 h6 10.h3 c6 11.Rb1 a5 12.b3 Qc7 13.Re2 exd4 14.Nxd4 Nc5 15.Bb2 Bd7
16.a3 Na6 17.Ba1 Rad8 18.Rd2 Nc5 19.Re2 Nh5 20.b4 axb4 21.axb4 Ne6 22.Nf3 Bc8
23.Rd2  1/2-1/2

[Event "TCh-CZE 2001-2"]
[Site "CZE"]
[Date "2002.01.12"]
[Round "6"]
[White "Jaworski,Mi"]
[Black "Trapl,J"]
[Result "1/2-1/2"]
[WhiteElo "2381"]
[BlackElo "2365"]

1.d4 d6 2.Nf3 Nf6 3.c4 g6 4.g3 Bg7 5.Bg2 O-O 6.O-O Nc6 7.Nc3 Bg4 8.d5 Na5
9.Nd2 c5 10.Qc2 Qd7 11.b3 Bh3 12.Bb2 a6 13.Rae1 e5 14.dxe6 Qxe6 15.Nd5 Bxg2
16.Kxg2 Rad8 17.Bxf6 Bxf6 18.Ne4 Bg7 19.e3 Nc6 20.f4 b5 21.Ng5 Qd7 22.Qd3 Nb4
23.Qd2  1/2-1/2

[Event "TCh-CZE 2001-2"]
[Site "CZE"]
[Date "2002.01.12"]
[Round "6"]
[White "Neverov,V"]
[Black "Gross,Dav CZE"]
[Result "1-0"]
[WhiteElo "2578"]
[BlackElo "2462"]

1.d4 Nf6 2.c4 g6 3.Nf3 Bg7 4.g3 O-O 5.Bg2 d6 6.O-O c6 7.Nc3 Qa5 8.e4 Bg4
9.h3 Bxf3 10.Bxf3 Nfd7 11.Be3 Qb4 12.Qd3 Qxb2 13.Rab1 Qa3 14.Rxb7 Qa6 15.Rb3 c5
16.Nd5 Nc6 17.dxc5 Nde5 18.Qd1 Qxa2 19.Be2 Rab8 20.Rxb8 Rxb8 21.cxd6 exd6
22.Nc3 Qb3 23.Nb5 Qa2 24.Nxd6 Rb2 25.Re1 a5 26.f4 Nd4 27.Bxd4 Rd2 28.fxe5 Rxd1
29.Bxd1 Qd2 30.Bf2 Bxe5 31.Nb5 Qb2 32.Kg2 h5 33.Re3 Kh7 34.h4 Qc1 35.Be2 Bb2
36.Rf3 f6 37.c5 a4 38.Nd6 a3 39.Bc4 Be5 40.Bd5 Qc2 41.Rxa3 Bd4 42.Ra7+  1-0

[Event "TCh-ISR"]
[Site "ISR"]
[Date "2002.01.12"]
[Round "1"]
[White "Mittelman,G"]
[Black "Maryasin,B"]
[Result "0-1"]
[WhiteElo "2417"]
[BlackElo "2398"]

1.d4 Nf6 2.Nf3 g6 3.g3 Bg7 4.Bg2 O-O 5.c4 d6 6.O-O Nc6 7.Nc3 a6 8.Bd2 Bg4
9.d5 Na5 10.b3 c5 11.Qe1 b5 12.Rc1 b4 13.Nb1 e6 14.dxe6 Bxe6 15.Bf4 Rc8 16.Rd1 Ne4
17.Nfd2 Nc3 18.Nxc3 Bxc3 19.Rc1 d5 20.cxd5 Bxd5 21.Rxc3 bxc3 22.Nf3 Bxf3
23.Bxf3 Qf6 24.Qa1 c4 25.b4 Nc6 26.a3 Nd4 27.Rc1 Nxf3+ 28.exf3 Rfd8 29.Rxc3 Rd3
30.Rc1 Qxa1 31.Rxa1 Rxf3 32.Be3 Rf5 33.Kf1 Rd5 34.a4 c3 35.Ke2 Rc4  0-1

[Event "TCh-CZE 2001-2"]
[Site "CZE"]
[Date "2002.01.13"]
[Round "7"]
[White "Jirka,J"]
[Black "Kovalev,A"]
[Result "0-1"]
[WhiteElo "2339"]
[BlackElo "2575"]

1.d4 Nf6 2.c4 g6 3.g3 Bg7 4.Bg2 d6 5.Nf3 O-O 6.Nc3 Nbd7 7.O-O e5 8.h3 Re8
9.e4 exd4 10.Nxd4 Nc5 11.Re1 a5 12.Kh2 a4 13.f3 Nfd7 14.Be3 Ne5 15.Bf1 c6
16.f4 Ned7 17.Bf2 Qa5 18.Rb1 Nf6 19.Qf3 h5 20.Kg1 Bd7 21.b4 axb3 22.axb3 Qc7
23.b4 Na4 24.Nxa4 Rxa4 25.Qd3 Ra2 26.Bg2 Qc8 27.Qf1 Bh6 28.Rbc1 h4 29.Rc2 Rxc2
30.Nxc2 hxg3 31.Bxg3 Nh5 32.Bh2 Qa8 33.f5 Qa2 34.Ne3 Qa7 35.Qf2 Qd4 36.Ng4 Bg7
37.f6 Qxf2+ 38.Kxf2 Nxf6 39.Bxd6 Bxg4 40.hxg4 Nxg4+ 41.Kf3 Ne5+ 42.Bxe5 Bxe5
43.Rd1 Ra8 44.Bf1 Ra3+ 45.Rd3 Ra1 46.Be2 Kg7 47.Rd7 Ra3+ 48.Bd3 b6 49.Ke2 Ra2+
50.Kf3 c5 51.b5 Bd4 52.e5 Rf2+ 53.Ke4 Rf5 54.Rxd4 cxd4 55.Kxd4 Rf4+ 56.Kd5 g5
57.Kc6 g4 58.c5 bxc5 59.b6 g3 60.b7 g2 61.b8=Q g1=Q 62.Qb2 Qd4 63.Qg2+ Rg4
64.Qf3 Qa4+ 65.Kc7 Qf4 66.Qe2 c4  0-1

[Event "XXVII Open"]
[Site "Seville ESP"]
[Date "2002.01.15"]
[Round "5"]
[White "Lalic,B"]
[Black "Tissir,M"]
[Result "1-0"]
[WhiteElo "2523"]
[BlackElo "2368"]

1.d4 Nf6 2.c4 g6 3.g3 Bg7 4.Bg2 O-O 5.Nf3 d6 6.O-O a6 7.Nc3 Nc6 8.b3 Rb8
9.e3 Bd7 10.Bb2 Qc8 11.d5 Na5 12.Qd2 c5 13.dxc6 bxc6 14.Rac1 Bh3 15.c5 Bxg2
16.Kxg2 Rd8 17.cxd6 exd6 18.Na4 Qf5 19.Rfd1 Ne4 20.Qe2 Bxb2 21.Nxb2 c5 22.Qxa6 Ra8
23.Qe2 Nc6 24.Na4 Nb4 25.h3 h5 26.a3 Nc6 27.Qc2 Rdb8 28.Nc3 Nxc3 29.Qxf5 gxf5
30.Rxc3 Rd8 31.b4 cxb4 32.Rxc6 bxa3 33.Ra1 Ra4 34.Ra2  1-0

[Event "XXVII Open"]
[Site "Seville ESP"]
[Date "2002.01.17"]
[Round "7"]
[White "Komljenovic,D"]
[Black "Tissir,M"]
[Result "1-0"]
[WhiteElo "2505"]
[BlackElo "2368"]

1.d4 Nf6 2.Nf3 g6 3.c4 Bg7 4.g3 O-O 5.Bg2 d6 6.O-O Nbd7 7.Nc3 e5 8.h3 Re8
9.e4 a6 10.Re1 exd4 11.Nxd4 Rb8 12.a4 Ne5 13.b3 Nfd7 14.Be3 Nc5 15.Re2 Ne6
16.Rd2 Nc6 17.Nde2 b6 18.f4 Bb7 19.e5 Qc8 20.exd6 cxd6 21.Ne4 Nc5 22.Nxd6 Qe6
23.Bxc5 bxc5 24.Rc1 Rbd8 25.Rcc2 Rxd6 26.Rxd6 Bd4+ 27.Qxd4 cxd4 28.Rxe6 Rxe6
29.Rd2 Re3 30.Kf2 Na5 31.Nxd4 Rc3 32.Bxb7 Nxb7 33.Rc2 Rd3 34.Nf3 Rxb3 35.c5 Rb4
36.c6 Nd6 37.c7 Rxa4 38.Ne5 Kg7 39.c8=Q Nxc8 40.Rxc8 Ra2+ 41.Kf3 Ra3+ 42.Kg4 f6
43.Rc7+ Kg8 44.Nd7 Kg7 45.Nb6+ Kh6 46.h4  1-0

[Event "XXVII Open"]
[Site "Seville ESP"]
[Date "2002.01.18"]
[Round "8"]
[White "Rustemov,A"]
[Black "Komljenovic,D"]
[Result "0-1"]
[WhiteElo "2607"]
[BlackElo "2505"]

1.d4 Nf6 2.Nf3 g6 3.c4 Bg7 4.g3 O-O 5.Bg2 d6 6.Nc3 Nc6 7.O-O a6 8.b3 Rb8
9.Nd5 Nh5 10.Bb2 e6 11.Nc3 b5 12.d5 Ne7 13.dxe6 Bxe6 14.cxb5 axb5 15.Qc2 Bf5
16.e4 Bg4 17.Rfe1 Re8 18.h3 Bxf3 19.Bxf3 b4 20.Na4 Bxb2 21.Nxb2 Ng7 22.Rad1 Rb6
23.Na4 Rb5 24.Be2 Ra5 25.Bc4 Ne6 26.f4 Qb8 27.Kh2 c6 28.Bxe6 fxe6 29.Qc4 d5
30.Qd4 Kf7 31.Rd2 h5 32.Ree2 h4 33.gxh4 Qxf4+ 34.Kg2 Kg8 35.Nc5 e5 36.Qxb4 Nf5
37.Nd7 Nxh4+ 38.Kh1 Qf1+ 39.Kh2 Nf3+ 40.Kg3 Nxd2 41.Qxd2 Qf4+ 42.Qxf4 exf4+
43.Kxf4 Re7 44.Ne5 g5+ 45.Kf5 d4  0-1

[Event "XXVII Open"]
[Site "Seville ESP"]
[Date "2002.01.19"]
[Round "9"]
[White "Tejero Royo,F"]
[Black "Paragua,M"]
[Result "0-1"]
[WhiteElo "2198"]
[BlackElo "2469"]

1.d4 Nf6 2.c4 g6 3.Nf3 Bg7 4.g3 O-O 5.Bg2 d6 6.O-O Nbd7 7.Nc3 e5 8.b3 Re8
9.dxe5 dxe5 10.Bb2 c6 11.Qc2 Nc5 12.Nh4 Qb6 13.Kh1 a5 14.Rab1 e4 15.f3 g5
16.fxe4 gxh4 17.e5 Ng4 18.Rxf7 Kxf7 19.Qxh7 Nf2+ 20.Kg1 Rh8 21.e6+ Nxe6 22.Qf5+ Kg8
23.Rf1 hxg3  0-1

[Event "18th Open"]
[Site "Skopje MKD"]
[Date "2002.01.22"]
[Round "8"]
[White "Damljanovic,B"]
[Black "Georgiev,Vl"]
[Result "1/2-1/2"]
[WhiteElo "2545"]
[BlackElo "2560"]

1.Nf3 d6 2.d4 Nf6 3.c4 g6 4.g3 Bg7 5.Bg2 O-O 6.O-O c6 7.Nc3 Qa5 8.e4 e5 9.h3 Nbd7
10.Re1 exd4 11.Nxd4 Ne5 12.Bf1 Be6 13.Nxe6 fxe6 14.Kg2 Rad8 15.Be3 c5 16.f4 Nc6
17.Bd3 Kh8 18.Qa4 Qb6 19.Qb3 Qc7 20.Rad1 Nh5 21.Rf1 Nd4 22.Nb5 Nxb5 23.Qxb5 a6
24.Qb3 g5 25.Be2 gxf4 26.gxf4 Qf7 27.Kh2 Qg6 28.Rg1 Qh6 29.Bxh5 Qxh5 30.Rg4 Bf6
31.Rdg1 Qf7 32.R1g2 Rg8 33.Qd3 Rg7 34.b3 b6 35.Bd2 Bd4 36.Qg3 Rdg8 37.Bc3 Qf6
38.Rxg7 Rxg7 39.Qxg7+ Qxg7 40.Rxg7 Kxg7 41.Be1 b5 42.Kg2 Kf7 43.Kf3 bxc4
44.bxc4 Kg6 45.Bh4 Kf7 46.Bg3 Bf6 47.f5 Be7 48.Kg4 Bf8 49.Bf4 Be7 50.Kh5 exf5
51.exf5 d5 52.cxd5 c4 53.d6 Bf6 54.Bc1 c3 55.Kg4 c2 56.Kf3 Ke8 57.Ke4 Kd7
58.Kd3 Kxd6 59.Kxc2 Ke5 60.Kd3 Kxf5 61.Bd2 h5 62.Bc1 Be5 63.Bd2 Bf4 64.Ba5 Bc1
65.Bc7 Bf4 66.Ba5 Bb8 67.Bd2 Be5 68.Be3 Bf4  1/2-1/2

[Event "Rapid"]
[Site "Aubervilliers FRA"]
[Date "2002.01.26"]
[Round "4"]
[White "Lachique,F"]
[Black "Akopian,V"]
[Result "0-1"]
[WhiteElo "2137"]
[BlackElo "2680"]

1.d4 Nf6 2.c4 d6 3.Nf3 g6 4.g3 Bg7 5.Bg2 O-O 6.O-O Nbd7 7.Nc3 e5 8.e3 Re8
9.b3 c6 10.a4 e4 11.Nd2 d5 12.cxd5 cxd5 13.Ba3 Nf8 14.b4 Bg4 15.Qb3 Qd7 16.Rfc1 a6
17.a5 Qf5 18.b5 h5 19.bxa6 bxa6 20.Na4 h4 21.Rc7 Ne6 22.Rb7 Bh3 23.Nb6 Bxg2
24.Kxg2 Ng5 25.Qd1 Rab8 26.Rxb8 Rxb8 27.Qe2 Qh3+ 28.Kg1 Ng4 29.f4 exf3 30.Nxf3 Nxf3+
31.Qxf3 Qxh2+ 32.Kf1 hxg3  0-1

[Event "Rapid"]
[Site "Aubervilliers FRA"]
[Date "2002.01.27"]
[Round "7"]
[White "Chabanon,JL"]
[Black "Akopian,V"]
[Result "0-1"]
[WhiteElo "2483"]
[BlackElo "2680"]

1.Nf3 Nf6 2.d4 g6 3.c4 Bg7 4.g3 O-O 5.Bg2 d6 6.O-O Nbd7 7.Nc3 e5 8.e4 exd4
9.Nxd4 Re8 10.Be3 Ne5 11.b3 Nfg4 12.Bf4 Nc6 13.Nde2 f5 14.Qd2 Nf6 15.exf5 Bxf5
16.Rad1 Qc8 17.c5 dxc5 18.Nd5 Nxd5 19.Qxd5+ Kh8 20.Rfe1 Nb4 21.Qxb7 Qxb7
22.Bxb7 Rab8 23.Nc1 Rxe1+ 24.Rxe1 Bc3 25.Re3 Bb2 26.Re2 Bxc1 27.Bxc1 Rxb7
28.Bh6 Rb8 29.Re7 Nd5 30.Re5 c6 31.f3 Kg8 32.h4 Kf7 33.g4 Bb1 34.Re1 Bxa2
35.Ra1 Bxb3 36.Rxa7+ Ke6 37.Rxh7 c4 38.Rg7 Bc2 39.Kf2 c3 40.f4 Be4 41.f5+ gxf5
42.Rg6+ Kd7 43.Rg7+ Kd6 44.g5 c2 45.g6 f4  0-1

[Event "Rapid"]
[Site "Aubervilliers FRA"]
[Date "2002.01.27"]
[Round "10"]
[White "Barsov,A"]
[Black "Nevednichy,V"]
[Result "1-0"]
[WhiteElo "2527"]
[BlackElo "2569"]

1.d4 Nf6 2.c4 g6 3.Nf3 Bg7 4.g3 d6 5.Bg2 O-O 6.O-O Nc6 7.Nc3 Rb8 8.d5 Na5
9.b3 c5 10.dxc6 bxc6 11.Bd2 c5 12.Qc1 Re8 13.Bh6 Bh8 14.h3 Nc6 15.Qd2 a6
16.Rfd1 Nd4 17.Nxd4 cxd4 18.Nd5 Nxd5 19.cxd5 Bd7 20.Rac1 Qb6 21.e3 dxe3 22.Bxe3 Qb7
23.Bd4 Bxd4 24.Qxd4 Rbc8 25.h4 h5 26.Qe3 Bg4 27.Re1 Qb4 28.Rxc8 Bxc8 29.Rc1 Qa5
30.a4 Bf5 31.Kh2 Qb4 32.Rc7 Kf8 33.Bf1 Qa5 34.Ra7 Qxd5 35.Bxa6 e6 36.Bb7 Qc5
37.a5 Qb4 38.a6 d5 39.Bc6 Rc8 40.Rb7 Qd6 41.Bd7 Rd8 42.a7 d4 43.Qg5 Ra8 44.Qf6 d3
45.Be8  1-0

[Event "39th BPCL ch-IND"]
[Site "Nagpur IND"]
[Date "2002.01.31"]
[Round "15"]
[White "Gokhale,C"]
[Black "Saravanan,V"]
[Result "1/2-1/2"]
[WhiteElo "2407"]
[BlackElo "2393"]

1.Nf3 Nf6 2.d4 d6 3.c4 g6 4.g3 Bg7 5.Bg2 O-O 6.O-O a6 7.Nc3 Nc6 8.b3 Rb8
9.d5 Na5 10.Nd4 Bd7 11.Bb2 c5 12.dxc6 bxc6 13.Rb1 c5  1/2-1/2

[Event "FSIM February"]
[Site "Budapest HUN"]
[Date "2002.02.05"]
[Round "4"]
[White "Farago,S"]
[Black "Chevaldonnet,F"]
[Result "1/2-1/2"]
[WhiteElo "2318"]
[BlackElo "2254"]

1.d4 Nf6 2.c4 g6 3.Nf3 Bg7 4.g3 O-O 5.Bg2 d6 6.Nc3 c6 7.O-O Qa5 8.d5 cxd5
9.cxd5 b5 10.Nd4 b4 11.Nb3 Qa6 12.Ne4 Nxe4 13.Bxe4 Bh3 14.Re1 Nd7 15.Nd4 Qc4
16.Be3 Nc5 17.b3 Qa6 18.Bf3 Rfe8 19.Qd2 Qb7 20.Rac1 Nd7 21.Bh6 Ne5 22.Bxg7 Kxg7
23.Bh1 a5 24.f4 Ng4 25.e3 Rac8 26.Rc6 Rxc6 27.Nxc6 Qb6 28.Qd4+ Qxd4 29.exd4 Ra8
30.Bg2 Bxg2 31.Kxg2 a4 32.bxa4 Rxa4 33.Re2 Kf8 34.h3 Nf6 35.Nxe7 Ra5 36.Nc6 Rb5
37.Rb2 Nxd5 38.Kf3 Ke8 39.a4 Rb6 40.Na5 f5 41.Nb3 Rc6 42.a5 Kd7 43.Kf2 Kc7
44.Na1 Kb7 45.Nc2 Rc4 46.Na3 Rc6 47.Nc2 Rc4 48.Na3  1/2-1/2

[Event "Mimoza Open"]
[Site "Herceg Novi YUG"]
[Date "2002.02.05"]
[Round "2"]
[White "Abramovic,B"]
[Black "Benderac,S"]
[Result "0-1"]
[WhiteElo "2524"]
[BlackElo "2376"]

1.d4 Nf6 2.c4 g6 3.Nf3 Bg7 4.g3 O-O 5.Bg2 d6 6.Nc3 Nc6 7.O-O a6 8.b3 Bf5
9.Bb2 Ne4 10.Rc1 Nxc3 11.Bxc3 e5 12.d5 Ne7 13.Nh4 Bd7 14.e4 g5 15.Nf3 g4
16.Nd2 f5 17.exf5 Nxf5 18.Qc2 a5 19.Rce1 b6 20.Be4 Qg5 21.f4 gxf3 22.Nxf3 Qg4
23.Qg2 Rae8 24.Bd2 h6 25.Rf2 Re7 26.Ree2 Ref7 27.a3 Nd4 28.Nxd4 exd4 29.Rf4 Rxf4
30.gxf4 Qh5 31.Bg6 Qh4 32.Qg3 Qf6 33.Bd3  0-1

[Event "Mimoza Open"]
[Site "Herceg Novi YUG"]
[Date "2002.02.06"]
[Round "4"]
[White "Blagojevic,D"]
[Black "Tadic,B"]
[Result "1-0"]
[WhiteElo "2508"]
[BlackElo "2459"]

1.d4 Nf6 2.c4 g6 3.Nf3 Bg7 4.g3 O-O 5.Bg2 d6 6.O-O c6 7.Nc3 Qa5 8.e4 e5 9.h3 Nbd7
10.Qc2 exd4 11.Nxd4 Qc5 12.Nce2 Re8 13.Be3 Qa5 14.Nc3 Nb6 15.b3 Qh5 16.Qe2 Qa5
17.Rac1 d5 18.cxd5 Nfxd5 19.Nxd5 Nxd5 20.exd5 Bxd4 21.dxc6 bxc6 22.Bxc6 Bxe3
23.Bxe8 Bxc1 24.Qf3 Qc7 25.Qxa8 Be3 26.Bxf7+ Kg7 27.fxe3 Qxg3+ 28.Qg2 Qxe3+
29.Qf2 Qg5+ 30.Kh2 Bb7 31.Qd4+  1-0

[Event "13th Asian Cities"]
[Site "Aden YEM"]
[Date "2002.02.13"]
[Round "8"]
[White "Moradiabadi,E"]
[Black "Al Sayed,Mohamad"]
[Result "1-0"]
[WhiteElo "2359"]
[BlackElo "2413"]

1.d4 Nf6 2.Nf3 g6 3.c4 Bg7 4.g3 O-O 5.Bg2 d6 6.O-O Nc6 7.h3 a6 8.Be3 e6 9.Nc3 Ne7
10.Rc1 Rb8 11.a4 b6 12.Bg5 h6 13.Bd2 Bb7 14.Qc2 c5 15.e4 Rc8 16.d5 e5 17.Ne1 Nh5
18.Bf3 f5 19.exf5 Nxf5 20.Qd3 Nf6 21.Nc2 Rc7 22.Bg2 Rcf7 23.b4 Bc8 24.a5 Nd4
25.axb6 Bf5 26.Ne4 Nxe4 27.Nxd4 Nxf2 28.Qe2 Bd3 29.Ne6 Qxb6 30.Qe3 e4 31.Nxg7 Bxf1
32.Rxf1 Rf3 33.bxc5 dxc5 34.Bxf3 Rxf3 35.Qe2 Nxh3+ 36.Kg2 Qb3 37.Be1 Ng5
38.Ne6 Re3 39.Rf8+ Kh7 40.Nxg5+ hxg5 41.Qf2 Rf3 42.Rxf3 exf3+ 43.Qxf3 Qxc4
44.Bc3  1-0

[Event "Petrov Mem Open"]
[Site "St Petersburg RUS"]
[Date "2002.02.14"]
[Round "3"]
[White "Loginov,Va"]
[Black "Alexikov,A"]
[Result "1/2-1/2"]
[WhiteElo "2524"]
[BlackElo "2384"]

1.Nf3 Nf6 2.g3 g6 3.c4 Bg7 4.d4 O-O 5.Bg2 d6 6.O-O Nbd7 7.Qc2 e5 8.Rd1 Re8
9.dxe5 dxe5 10.e4 c6 11.h3 Qe7 12.Be3 Nc5 13.Nc3 a5 14.Bxc5 Qxc5 15.Na4 Qe7
16.c5 Be6 17.Nd2 Nd7 18.Bf1 h5 19.Nc4 Red8 20.Nd6 Rab8 21.Rd3 b5 22.cxb6 Nxb6
23.Rad1 Nxa4 24.Qxa4 Qc7 25.Qc2 Rd7 26.b3 Bf8 27.Nc4 Rxd3 28.Rxd3 f6 29.Nb2 Bb4
30.Na4 Re8 31.Qc1 Bc8 32.a3 Bf8 33.Rc3 Bd7 34.Nc5 Bxc5 35.Rxc5 Kg7 36.Qc3 Ra8
37.Qd2 Ra7 38.h4 Be8 39.Rc3 Qe7 40.Qc1 Rb7 41.Ba6 Rb8 42.Rd3 Rd8 43.Rxd8 Qxd8
44.Qc5 Bf7 45.Qxc6 Qd1+ 46.Kg2 Qxb3 47.Qc5 Qb1 48.Kf3 Qh1+ 49.Ke3 Qe1+ 50.Be2 Kg8
51.Qc2 Qa1 52.Qc5 Qe1 53.Qc2 Qa1 54.Qc5  1/2-1/2

[Event "XVIII Open"]
[Site "Cappelle la Grande FRA"]
[Date "2002.02.15"]
[Round "7"]
[White "Nogueiras,J"]
[Black "Mista,A"]
[Result "1-0"]
[WhiteElo "2521"]
[BlackElo "2419"]

1.Nf3 g6 2.d4 Bg7 3.g3 Nf6 4.Bg2 O-O 5.c4 d6 6.O-O Nc6 7.Nc3 a6 8.h3 Bd7
9.e4 e5 10.dxe5 dxe5 11.Be3 Be6 12.Qa4 Qc8 13.Kh2 Re8 14.Rfd1 h6 15.c5 Nd7
16.Rac1 Na7 17.Bf1 c6 18.Bc4 Bxc4 19.Qxc4 Qc7 20.Na4 Rad8 21.Nb6 Nf8 22.Qb3 Ne6
23.Nc4 Nc8 24.Kg2 Nd4 25.Bxd4 exd4 26.e5 Rd5 27.Rxd4 Rxc5 28.Nd6 Rexe5 29.Nxe5 Rxc1
30.Ndxf7 Kh7 31.Rd7 Qb6 32.Ng5+  1-0

[Event "Petrov Mem Open"]
[Site "St Petersburg RUS"]
[Date "2002.02.18"]
[Round "7"]
[White "Izoria,Z"]
[Black "Kabanov,N"]
[Result "1-0"]
[WhiteElo "2547"]
[BlackElo "2457"]

1.d4 Nf6 2.c4 g6 3.Nf3 Bg7 4.g3 O-O 5.Bg2 d6 6.O-O Nc6 7.Nc3 a6 8.b3 Rb8
9.Nd5 Nh5 10.Bb2 e6 11.Nc3 f5 12.d5 Ne7 13.dxe6 Nc6 14.Qd2 h6 15.Nd5 Bxe6
16.Bxg7 Kxg7 17.Nd4 Nxd4 18.Qxd4+ Kh7 19.Rfd1 Bxd5 20.cxd5 f4 21.Rac1 Rf7
22.Rc3 Qe7 23.Bf3 fxg3 24.hxg3 Ng7 25.Rdc1 Nf5 26.Qe4 Qf6 27.Rxc7 Rf8 28.Kg2 h5
29.Qe6 Qg7 30.Rxf7 Rxf7 31.Qc8 Nd4 32.Qd8 Rd7 33.Qb6 Nxf3 34.exf3 Qf7 35.Qd4 Rc7
36.Re1 Re7 37.Re4 Rd7 38.Re6 Rd8 39.Qb6 Rf8 40.f4 h4 41.Qxd6 Qf5 42.Qe5 Kh6
43.Qxf5 Rxf5 44.Re5  1-0

[Event "Aphrodite"]
[Site "Athens GRE"]
[Date "2002.02.20"]
[Round "6"]
[White "Shumiakina,T"]
[Black "Stefanidi,M"]
[Result "1-0"]
[WhiteElo "2358"]
[BlackElo "2065"]

1.d4 Nf6 2.c4 g6 3.Nf3 Bg7 4.g3 d6 5.Bg2 O-O 6.O-O Nbd7 7.Nc3 e5 8.e4 h6
9.h3 Qe7 10.Be3 exd4 11.Nxd4 Nc5 12.Qc2 Ne6 13.Nde2 Ng5 14.g4 c6 15.Rad1 Be6
16.b3 Rfd8 17.Ng3 Rac8 18.f4 Ngh7 19.Rfe1 b5 20.Nce2 d5 21.e5 Ne8 22.Nd4 Nf8
23.Bf2 Bd7 24.c5 Nc7 25.Nf3 Bh8 26.f5 a5 27.Qd2 Kh7 28.Qxa5 Re8 29.Qd2 Qd8
30.Qf4 Ra8 31.Rd2 Na6 32.Rde2 Qc7 33.Qd2 Qc8 34.Qc2 Nb4 35.Qb1 Qa6 36.e6 fxe6
37.fxg6+ Nxg6 38.Nh4 Rg8 39.Rxe6 Bxe6 40.Rxe6 Qxa2 41.Re7+ Rg7 42.Qxg6+ Kg8
43.Rxg7+ Bxg7 44.Bd4  1-0

[Event "9th Open Metalis"]
[Site "Bizovac CRO"]
[Date "2002.02.24"]
[Round "7"]
[White "Vukic,M"]
[Black "Fercec,N"]
[Result "1-0"]
[WhiteElo "2500"]
[BlackElo "2438"]

1.Nf3 g6 2.c4 Bg7 3.d4 Nf6 4.g3 O-O 5.Bg2 d6 6.O-O c5 7.Nc3 Nc6 8.d5 Na5
9.Nd2 a6 10.Qc2 Rb8 11.b3 b5 12.Rb1 Qc7 13.Bb2 Bf5 14.e4 Bd7 15.Ne2 e5 16.Bc3 Rbe8
17.Rbe1 Nb7 18.Qd3 Nh5 19.Bf3 Nf6 20.Kh1 Re7 21.Bg2 Nh5 22.Bf3 Nf6 23.Rg1 Ne8
24.g4 f6 25.Ng3 Bh6 26.Ndf1 Nd8 27.Bd2 Bf4 28.Ne2 Bxd2 29.Qxd2 Nf7 30.h4 Ng7
31.Neg3 Kh8 32.Ne3 Ree8 33.Rg2 Qd8 34.Rh2 f5 35.gxf5 gxf5 36.Nexf5 Nxf5 37.exf5 Qf6
38.Bg4 Nh6 39.Ne4 Qg7 40.Bh5 Rxf5 41.Bxe8 Bxe8 42.Nxd6 Bh5 43.Re3 Rf4 44.Rg2 Qe7
45.Re4 Rxe4 46.Nxe4 Bf3 47.Qg5  1-0

[Event "Open"]
[Site "Antalya TUR"]
[Date "2002.02.25"]
[Round "4"]
[White "Laciner,K"]
[Black "Arduman,C"]
[Result "1/2-1/2"]
[WhiteElo "2156"]
[BlackElo "2352"]

1.d4 g6 2.Nf3 Bg7 3.g3 d6 4.Bg2 Nf6 5.c4 O-O 6.Nc3 Nbd7 7.O-O e5 8.e4 exd4
9.Nxd4 Re8 10.h3 Nc5 11.Re1 Bd7 12.Rb1 h6 13.b4 Ne6 14.Nxe6 Bxe6 15.Nd5 Nd7
16.Kh2 c6 17.Ne3 a5 18.b5 Nc5 19.bxc6 bxc6 20.Qc2 Bd7 21.Ba3 Ne6 22.Bb2 Nd4
23.Qd3 c5 24.Nc2 Nxc2 25.Qxc2 Bxb2 26.Qxb2 Rb8 27.Qd2 Rxb1 28.Rxb1 Be6 29.Qc3  1/2-1/2

[Event "FSIMB March"]
[Site "Budapest HUN"]
[Date "2002.03.05"]
[Round "4"]
[White "Nemeth,Z"]
[Black "Dombai,I"]
[Result "1-0"]
[WhiteElo "2361"]
[BlackElo "2214"]

1.Nf3 Nf6 2.g3 g6 3.Bg2 Bg7 4.d4 O-O 5.c4 d6 6.O-O Nbd7 7.Nc3 a6 8.b3 c5
9.Bb2 cxd4 10.Nxd4 Nc5 11.h3 Qb6 12.e3 Bd7 13.Kh2 Bc6 14.Nxc6 bxc6 15.Rb1 a5
16.Ba1 Qa6 17.Qc2 Rfd8 18.Rfd1 Rac8 19.Qe2 Nfd7 20.Qf1 Nb6 21.Qh1 Nbd7 22.Rd2 Rc7
23.Ne2 Bxa1 24.Rxa1 Ne6 25.h4 Rb8 26.Bh3 Ndc5 27.Rb1 Rb4 28.Nd4 Nxd4 29.exd4 Nd7
30.Bxd7 Rxd7 31.Re1 a4 32.Re3 axb3 33.axb3 Rdb7 34.Qf3 Qb6 35.Rdd3 h5 36.d5 cxd5
37.Qxd5 Qc5 38.Qf3 Kg7 39.Re4 f5 40.Ree3 e5 41.Qd1 R4b6 42.Rd5 Qa3 43.c5 dxc5
44.Rdxe5 Qb2 45.Kg2 Qd4 46.Qe1 Rf7 47.Rf3 c4 48.Rf4 Qd3 49.bxc4 Rb1 50.Qe2 Qc3
51.Qe3 Qb2 52.Rb5 Qa1 53.Rxb1 Qxb1 54.Qc3+ Kh7 55.c5 Qb5 56.c6 Qd5+ 57.Kh2 Rc7
58.Rc4 Qd6 59.Qf3 Qe6 60.Rc2 Qd6 61.Qc3 Qe6 62.Qc5 Kg7 63.Rc3 Kh7 64.Qc4 Qf6
65.Rc2 Qd6 66.Qc3 f4 67.gxf4 Qxf4+ 68.Qg3 Qf7 69.Qd6 Kh6 70.Kg2 Kh7 71.Rc3 Kh6
72.Rf3 Qg7 73.Rd3 Rf7 74.Qd4 Qg8 75.Qd8 Qg7 76.Rd7  1-0

[Event "ch-RUS Boys U20"]
[Site "Vladimir RUS"]
[Date "2002.03.05"]
[Round "5"]
[White "Grigoriants,S RUS"]
[Black "Khismatullin,D"]
[Result "1-0"]
[WhiteElo "2443"]
[BlackElo "2449"]

1.d4 Nf6 2.Nf3 g6 3.c4 Bg7 4.g3 O-O 5.Bg2 d6 6.O-O Nbd7 7.Nc3 e5 8.e4 a6
9.Re1 exd4 10.Nxd4 Ng4 11.Nce2 Nge5 12.b3 Nc5 13.Rf1 Re8 14.Rb1 c6 15.Qc2 a5
16.a3 Qc7 17.h3 Ned7 18.b4 axb4 19.axb4 Ne6 20.Nb3 Nf6 21.Be3 b6 22.Rfd1 Bb7
23.Nc3 Rad8 24.Rd2 h5 25.Rbd1 h4 26.g4 g5 27.Nd4 Nxd4 28.Bxd4 Nh7 29.Bxg7 Kxg7
30.Rd3 Qe7 31.Qd2 Qe5 32.Na4 b5 33.cxb5 cxb5 34.Nc5 Ba8 35.Rxd6 Rxd6 36.Qxd6 Qxd6
37.Rxd6 Nf8 38.f3 Ng6 39.Bf1 Nf4 40.Kf2  1-0